[Event "Yerevan op 1st"]
[Site "Yerevan"]
[Date "2016.10.09"]
[Round "8"]
[White "Philiposyan, Gor"]
[Black "Petrosyan, Narek Agh"]
[Result "1-0"]
[WhiteElo "1469"]
[BlackElo "1419"]
[PlyCount "111"]
[EventDate "2016.10.02"]
[EventType "swiss"]
[EventRounds "9"]
[EventCountry "ARM"]
[SourceTitle "EXT 2017"]
[Source "ChessBase"]
[SourceDate "2016.10.25"]
[SourceVersion "1"]
[SourceVersionDate "2016.10.25"]
[SourceQuality "1"]

1. e4 c5 2. Nf3 Nc6 3. d4 cxd4 4. Nxd4 Nf6 5. Nc3 e5 6. Ndb5 d6 7. Bg5 a6 8. Na3 b5 9. Nd5 Be7 10. Bxf6 Bxf6 11. c3 0-0 12. Nc2 Rb8 13. Be2 Bg5 14. Nce3 g6 15. 0-0 f5 16. exf5 gxf5 17. Kh1 f4 18. Nc2 Bf5 19. Ne1 Rb7 20. Nf3 Rg7 21. a4 e4 22. Nxg5 Qxg5 23. Rg1 Be6 24. Nb4 Nxb4 25. cxb4 d5 26. axb5 axb5 27. Qd4 h5 28. Bxb5 Qg4 29. Bc6 f3 30. g3 Qg5 31. Rad1 Rd8 32. b5 Kh7 33. Rde1 Bh3 34. b6 Bg2+ 35. Rxg2 fxg2+ 36. Kxg2 Re7 37. b7 Rc7 38. Qb6 Qg7 39. Bxd5 Rb8 40. Bxe4+ Kh8 41. Qa5 Rcxb7 42. Qxh5+ Kg8 43. Bd5+ Kf8 44. Qf5+ Rf7 45. Bxf7 Qxf7 46. Qxf7+ Kxf7 47. Re2 Kg6 48. Kf3 Rf8+ 49. Kg4 Rb8 50. f4 Rb6 51. f5+ Kg7 52. Kg5 Rb7 53. f6+ Kg8 54. Kg6 Rb8 55. f7+ Kf8 56. Re8+ 1-0

[Event "Yerevan op 1st"]
[Site "Yerevan"]
[Date "2016.10.05"]
[Round "4"]
[White "Philiposyan, Gor"]
[Black "Sakhtkar, Milad"]
[Result "0-1"]
[WhiteElo "1469"]
[BlackElo "1931"]
[PlyCount "95"]
[EventDate "2016.10.02"]
[EventType "swiss"]
[EventRounds "9"]
[EventCountry "ARM"]
[SourceTitle "EXT 2017"]
[Source "ChessBase"]
[SourceDate "2016.10.25"]
[SourceVersion "1"]
[SourceVersionDate "2016.10.25"]
[SourceQuality "1"]

1. e4 d6 2. Nf3 Nf6 3. Nc3 g6 4. d4 Bg7 5. Be2 c6 6. 0-0 0-0 7. h3 Qc7 8. Be3 Nbd7 9. Qd2 b5 10. a3 Re8 11. Rad1 Bb7 12. Rfe1 a6 13. Bh6 Bh8 14. e5 dxe5 15. dxe5 Nxe5 16. Nxe5 Qxe5 17. Bxb5 Qc7 18. Bc4 Rad8 19. Qc1 Rxd1 20. Rxd1 Rd8 21. Rd2 Rd7 22. Qd1 e6 23. Bg5 Bc8 24. Bxf6 Rxd2 25. Qxd2 Bxf6 26. Na4 c5 27. Qe3 Bd4 28. Qd2 Bb7 29. b3 h5 30. c3 Be5 31. Qg5 Bh2+ 32. Kh1 Bd6 33. Be2 Kg7 34. c4 Bc6 35. Qd2 Bf4 36. Qc3+ Be5 37. Qd2 Bd4 38. Kg1 Qg3 39. Bf1 Qxb3 40. Nxc5 Bxc5 41. Qg5 Bd4 42. c5 Qxa3 43. Qf4 e5 44. Qg5 Qxc5 45. Bxa6 Bxf2+ 46. Kh2 Be3 47. Qh4 Bf4+ 48. Kh1 0-1

[Event "Yerevan op 1st"]
[Site "Yerevan"]
[Date "2016.10.02"]
[Round "1"]
[White "Avetisyan, Mariam"]
[Black "Philiposyan, Gor"]
[Result "1-0"]
[WhiteElo "2107"]
[BlackElo "1469"]
[PlyCount "103"]
[EventDate "2016.10.02"]
[EventType "swiss"]
[EventRounds "9"]
[EventCountry "ARM"]
[SourceTitle "EXT 2017"]
[Source "ChessBase"]
[SourceDate "2016.10.25"]
[SourceVersion "1"]
[SourceVersionDate "2016.10.25"]
[SourceQuality "1"]

1. d4 Nf6 2. Nf3 e6 3. g3 b6 4. Bg2 Bb7 5. 0-0 Be7 6. c4 0-0 7. Nc3 d6 8. Qc2 c5 9. Rd1 cxd4 10. Nxd4 Bxg2 11. Kxg2 Qc8 12. b3 Nc6 13. Ba3 Qb7 14. Kg1 a6 15. Rd2 Rfd8 16. Rad1 Rac8 17. h3 Nxd4 18. Rxd4 Rc6 19. e4 e5 20. R4d2 b5 21. cxb5 axb5 22. Bb4 Kf8 23. Qd3 Rb8 24. Nd5 Rd8 25. Qe2 Ne8 26. a3 f6 27. Kh2 g6 28. Qf3 Kg7 29. g4 Rdc8 30. Qe2 Rb8 31. h4 Kg8 32. h5 Kg7 33. Kg2 g5 34. Qf3 Qd7 35. Ne3 Rbb6 36. Nf5+ Kf7 37. h6 Bf8 38. Qh3 Qe6 39. Rd5 Nc7 40. R5d3 Na6 41. Ne3 Nxb4 42. axb4 Ra6 43. Nd5 Ra2 44. Rf3 Be7 45. Qh5+ Kf8 46. Qxg5 Rcc2 47. Qg7+ Ke8 48. Nxf6+ Kd8 49. Nd5 Ra7 50. Rf7 Re2 51. Qh8+ Kd7 52. Rxe7+ 1-0